书目信息 |
| 题名: |
世界摄影大师景物动物摄影经典500幅鉴赏
|
|
| 作者: | 程文超 , 紫都 编著 ;岳鑫 , 傅新阳 图片 | |
| 分册: | 上 | |
| 出版信息: | 呼和浩特 远方出版社 2005 |
|
| 页数: | 243页 | |
| 开本: | 20cm | |
| 丛书名: | 世界绘画摄影大师画传 | |
| 单 册: | ||
| 中图分类: | J431 | |
| 科图分类: | ||
| 主题词: | 摄影集--she ying ji--世界 | |
| 电子资源: | ||
| ISBN: | 7-80723-012-6 | |
| 000 | 01021nam 2200277 450 | |
| 001 | 0123456251325 | |
| 005 | 20070730111501.56 | |
| 010 | @a7-80723-012-6@dCNY25.00 | |
| 100 | @a20050408d2005 em y0chiy0110 ea | |
| 101 | 0 | @achi |
| 102 | @aCN@b150000 | |
| 105 | @aa z 000yy | |
| 200 | 1 | @a世界摄影大师景物动物摄影经典500幅鉴赏@Ashi jie she ying da shi jing wu dong wu she ying jing dian 500 fu jian shang@h上@f编著紫都, 程文超@g图片岳鑫, 傅新阳 |
| 210 | @a呼和浩特@c远方出版社@d2005 | |
| 215 | @a243页@c图@d20cm | |
| 225 | 2 | @a世界绘画摄影大师画传@Ashi jie hui hua she ying da shi hua zhuan |
| 330 | @a本书内容包括: 摄影流派演进 ; 摄影器材的发展 ; 以及世界摄影大师景物动物摄影经典作品500幅。 | |
| 410 | 0 | @12001 @a世界绘画摄影大师画传 |
| 606 | 0 | @a摄影集@Ashe ying ji@y世界 |
| 690 | @aJ431@v4 | |
| 701 | 0 | @a程文超@Acheng wen chao@4编著 |
| 701 | 0 | @a紫都@Azi du@4编著 |
| 702 | 0 | @a岳鑫@Ayue xin@4图片 |
| 702 | 0 | @a傅新阳@Afu xin yang@4图片 |
| 801 | 0 | @aCN@bWHC@c20070730 |
| 905 | @a10447@dJ431@e212:1 | |
| 世界摄影大师景物动物摄影经典500幅鉴赏.上/编著紫都, 程文超/图片岳鑫, 傅新阳.-呼和浩特:远方出版社,2005 |
| 243页:图;20cm.-(世界绘画摄影大师画传) |
| ISBN 7-80723-012-6:CNY25.00 |
| 本书内容包括: 摄影流派演进 ; 摄影器材的发展 ; 以及世界摄影大师景物动物摄影经典作品500幅。 |
| ● |
| 相关链接 |
|
|
|
|
正题名:世界摄影大师景物动物摄影经典500幅鉴赏
索取号:J431/212:1
 
预约/预借
| 序号 | 登录号 | 条形码 | 馆藏地/架位号 | 状态 | 备注 |
| 1 | 0789140 | 207891405 | 第一样本阅览室/ [索取号:J431/212:1] | 在馆 | |
| 2 | 0789141 | 207891414 | 第一借阅区/ [索取号:J431/212:1] | 在馆 | |
| 3 | 0789142 | 207891423 | 第一借阅区/ [索取号:J431/212:1] | 在馆 | |
| 4 | 0789143 | 207891432 | 第一借阅区/ [索取号:J431/212:1] | 在馆 | |
| 5 | 0789144 | 207891441 | 第一借阅区/ [索取号:J431/212:1] | 在馆 |